| 000 | 00731nam a2200229 i 4500 | ||
|---|---|---|---|
| 001 | bg | ||
| 100 | 1 | _aMOSDORF, Romuald | |
| 245 | 1 | 0 |
_aBadania dynamiki lokalnych zjawisk wrzenia / _cRomuald Mosdorf. |
| 260 |
_aBiałystok : _bWydawnictwo Politechniki Białostockiej, _c2005. |
||
| 300 |
_a217 s. : _bil. ; _c23 cm. |
||
| 490 | 1 |
_aRozprawy Naukowe / Politechnika Białostocka, _x0867-096X ; _vnr 125 |
|
| 500 | _aStreszcz. ang. | ||
| 504 | _aBibliogr. s. 194-205. | ||
| 650 | 9 |
_aWrzenie _xbadanie |
|
| 830 | 0 |
_aRozprawy Naukowe (Politechnika Białostocka) ; _vnr 125 |
|
| 015 | _aPB 574/2006 | ||
| 040 | _cBPK | ||
| 041 | 0 |
_apol _beng |
|
| 080 | _a536:532:517.9 | ||
| 942 | _cKS | ||
| 008 | s pl f |000 0 pol | ||
| 999 |
_c52691 _d52691 |
||
| 856 |
_uhttp://koha.tu.koszalin.pl/cgi-bin/koha/opac-detail.pl?biblionumber=52691 _yKatalog online BPK |
||